|
|
|
|
| LEADER |
00000nam0a2200000 4500 |
| 001 |
360598 |
| 005 |
20231102011313.0 |
| 035 |
|
|
|a (RuTPU)RU\TPU\retro\17924
|
| 090 |
|
|
|a 360598
|
| 100 |
|
|
|a 20210416d1973 km y0rusy50 ca
|
| 101 |
0 |
|
|a rus
|
| 102 |
|
|
|a RU
|
| 105 |
|
|
|a a z 000zb
|
| 200 |
1 |
|
|a Проблема 92 (Курчатов). Повесть об ученом
|f Е. И. Парнов
|g под ред. Н. Извековой
|
| 210 |
|
|
|a Москва
|c Молодая гвардия
|d 1973
|
| 215 |
|
|
|a 224 с.
|c ил.
|
| 225 |
1 |
|
|a Пионер - значит первый
|
| 600 |
|
1 |
|a Курчатов
|g Игорь Васильевич
|b И. В.
|c российский физик
|c академик АН СССР
|f 1902/1903-1960
|2 stltpush
|3 (RuTPU)RU\TPU\pers\1083
|
| 606 |
1 |
|
|a Физики
|x Персоналии
|2 stltpush
|3 (RuTPU)RU\TPU\subj\67452
|9 83245
|
| 610 |
1 |
|
|a атомная энергия
|
| 610 |
1 |
|
|a атомная физика
|
| 610 |
1 |
|
|a ученые
|
| 610 |
1 |
|
|a история
|
| 610 |
1 |
|
|a Россия
|
| 610 |
1 |
|
|a 20 век
|
| 610 |
1 |
|
|a ядерная физика
|
| 610 |
1 |
|
|a атомное ядро
|
| 610 |
1 |
|
|a деление
|
| 610 |
1 |
|
|a уран
|
| 675 |
|
|
|a 53(092)
|v 4
|
| 700 |
|
1 |
|a Парнов
|b Е. И.
|g Еремей Иудович
|
| 702 |
|
1 |
|a Извекова
|b Н.
|4 340
|
| 801 |
|
1 |
|a RU
|b 63413507
|c 20210416
|
| 801 |
|
2 |
|a RU
|b 63413507
|c 20221226
|g RCR
|
| 942 |
|
|
|c BK
|